[Event "World Amateur-ch U2000"]
[Site "Muscat"]
[Date "2023.11.02"]
[Round "1.9"]
[White "Heinichen Rodas, John Derek"]
[Black "Yaser, Ali Al Areqi"]
[Result "1-0"]
[WhiteElo "1951"]
[BlackElo "1752"]
[PlyCount "121"]
[EventDate "2023.11.02"]
[EventType "swiss"]
[EventRounds "9"]
[EventCountry "OMN"]
[SourceTitle "CB46_2023"]
[SourceDate "2023.11.15"]
[SourceVersion "1"]
[SourceVersionDate "2023.11.15"]
[SourceQuality "1"]

1. e4 c5 2. Nf3 Nc6 3. d4 cxd4 4. Nxd4 e6 5. Nc3 a6 6. Nxc6 bxc6 7. Bd3 Nf6 8. 0-0 Be7 9. Qe2 0-0 10. f4 d6 11. e5 Ne8 12. exd6 Nxd6 13. Be3 Nf5 14. Bf2 Bd6 15. Rad1 Qc7 16. g4 Ne7 17. Ne4 Bxf4 18. Bc5 e5 19. Rxf4 exf4 20. Ng5 Ng6 21. Bxf8 Kxf8 22. Nxh7+ Kg8 23. Bxg6 fxg6 24. Ng5 Bd7 25. h3 Re8 26. Qc4+ Kh8 27. Qd3 Qb6+ 28. Qd4 Qxd4+ 29. Rxd4 Bc8 30. Rxf4 Kg8 31. Re4 Rd8 32. Kf2 Kf8 33. Ke2 Rd5 34. Nf3 c5 35. Re5 Bb7 36. c4 Rd7 37. Rxc5 Re7+ 38. Ne5 Re6 39. Kf2 Be4 40. Ke3 Bg2 41. Kf4 Bxh3 42. Rc6 Bxg4 43. Rxe6 Bxe6 44. Nxg6+ Kf7 45. Ne5+ Kf6 46. b3 g5+ 47. Ke4 Bf5+ 48. Kd5 g4 49. b4 g3 50. b5 g2 51. Nf3 axb5 52. cxb5 Be6+ 53. Kc6 Bxa2 54. b6 Bb1 55. Kd5 Ba2+ 56. Kd4 Ke6 57. b7 Bd5 58. b8Q Bxf3 59. Qg8+ Kf5 60. Ke3 Bg4 61. Kf2 1-0